| 000 | 00720nam a2200181Ia 4500 | ||
|---|---|---|---|
| 008 | 190511s9999 xx 000 0 und d | ||
| 100 | _aCha, Christine B. | ||
| 245 | _aTesting mood-activated psychological markers for suicidal ideation / | ||
| 245 | _cChristine B. Cha, Rory C. O' Connor, Olivia Kirtley, Seonaid Cleare, Karen Wetherall, Sarah Eschle, Katherine M. Tezanos, and Matthew K. Nock.-- | ||
| 260 | _bAmerican Psychological Association | ||
| 260 | _c2018 | ||
| 300 | _aPages 448-457, July 2018 | ||
| 440 |
_aJournal of Abnormal Psychology _v127(5) |
||
| 650 | _aDifferential activation theory | ||
| 650 | _aEmotional stroop | ||
| 650 | _aImplicit Association Test (IAT) | ||
| 650 | _aSuicidal ideation | ||
| 999 |
_c361841 _d361841 |
||